Všeobecné ustanovenia o konaní pred Ústavným súdom. Kritické poznámky k novému zákonu

Pokračovanie príspevku z predchádzajúceho čísla. Význam všeobecných ustanovení nového zákona o ústavon súde.

Salvato in:
Dettagli Bibliografici
Autore principale: Mazák, Ján
Altri autori: Jánošíková, Martina
Natura: Capitolo di libro
Lingua:slovacco
Soggetti:
Tags: Aggiungi Tag
Nessun Tag, puoi essere il primo ad aggiungerne!!

MARC

LEADER 00000naa a2200000 4500
001 0253207
005 20190426091110.6
041 0 |a slo 
044 |a SK 
245 1 0 |a Všeobecné ustanovenia o konaní pred Ústavným súdom. Kritické poznámky k novému zákonu  |c Ján Mazák, Martina Jánošíková 
520 |a Pokračovanie príspevku z predchádzajúceho čísla. Význam všeobecných ustanovení nového zákona o ústavon súde. 
610 2 0 |a súdy ústavné 
610 2 0 |a zákony 
610 2 0 |a Slovensko 
610 2 0 |a novelizácia 
610 2 0 |a ústava 
100 1 |a Mazák, Ján 
700 1 |a Jánošíková, Martina